Dreamweaver MX/Fireworks MX
Dreamweaver MX / Fireworks MX Savvy is a thorough, in-depth resource for every user of Macromedia's powerful web publishing tools. Heading up a team of experienced Web professionals, best-selling author Christian Crumlish teaches you everything from best-practices methodology to the nitty gritt...
Đã lưu trong:
| Tác giả chính: | |
|---|---|
| Định dạng: | Sách |
| Ngôn ngữ: | Undetermined |
| Được phát hành: |
San Francisco
Sybex
2002
|
| Những chủ đề: | |
| Các nhãn: |
Thêm thẻ
Không có thẻ, Là người đầu tiên thẻ bản ghi này!
|
| Thư viện lưu trữ: | Trung tâm Học liệu Trường Đại học Cần Thơ |
|---|
| LEADER | 01116nam a2200217Ia 4500 | ||
|---|---|---|---|
| 001 | CTU_164579 | ||
| 008 | 210402s9999 xx 000 0 und d | ||
| 020 | |c 50.00 | ||
| 082 | |a 005.72 | ||
| 082 | |b C956 | ||
| 100 | |a Crumlish, Christian | ||
| 245 | 0 | |a Dreamweaver MX/Fireworks MX | |
| 245 | 0 | |c Christian Crumlish | |
| 260 | |a San Francisco | ||
| 260 | |b Sybex | ||
| 260 | |c 2002 | ||
| 520 | |a Dreamweaver MX / Fireworks MX Savvy is a thorough, in-depth resource for every user of Macromedia's powerful web publishing tools. Heading up a team of experienced Web professionals, best-selling author Christian Crumlish teaches you everything from best-practices methodology to the nitty gritty of such common tasks as: migrating sites to Dreamweaver, optimizing images for Web use, creating dynamic content, building web applications, administering your site, and more. | ||
| 650 | |a Web sites,Web sites,Địa chỉ Web,Địa chỉ Web | ||
| 650 | |x Authoring programs,Design,Người tạo chương trình,Thiết kế | ||
| 904 | |i QHieu | ||
| 980 | |a Trung tâm Học liệu Trường Đại học Cần Thơ | ||